Sports Quiz

Random Sports Quiz

.375 or Higher Since 1941 Quiz Stats

 Plays Quiz not verified by Sporcle

Challenge
Share
Tweet
Embed
Score 0/6 Timer 01:00
0 Plays Today
BA Player % Correct
.394Tony Gwynn
91.6%
.390George Brett
87.3%
.388Ted Williams
85.4%
.388Rod Carew
64.3%
.379Larry Walker
50.3%
.376Stan Musial
44.1%

You're not logged in!

Compare scores with friends on all Sporcle quizzes.
OR
Log In

You Might Also Like...

Show Comments

Extras

Created May 21, 2010SourceReportNominate
Tags:1941, batted, player

Top Quizzes Today


Score Distribution

Your Account Isn't Verified!

In order to create a playlist on Sporcle, you need to verify the email address you used during registration. Go to your Sporcle Settings to finish the process.

Report this User

Report this user for behavior that violates our Community Guidelines.

Details: